| 000 | 00572nam a22001697a 4500 | ||
|---|---|---|---|
| 003 | NUST | ||
| 038 | _aNusrat Nadeem | ||
| 082 | _a200 | ||
| 100 |
_aMalik Uzma _9124227 |
||
| 245 |
_aFunctional Characterization of Fam26f Based on Its Subcellular Localization and Novel Interacting Partners/ _cUzma Malik |
||
| 264 |
_aIslamabad; _bASAB NUST; _c2021. |
||
| 300 |
_a116,p; _bill; _c30,cm. |
||
| 650 |
_aPhD-Applied Biosciences _9123210 |
||
| 700 |
_aSupervisor;Dr.Aneela Javed _9122394 |
||
| 856 | _u http://10.250.8.41:8080/xmlui/handle/123456789/28178 | ||
| 942 |
_2ddc _cSC |
||
| 999 |
_c610150 _d610150 |
||